000 01106cam a22002054a 4500
005 20250605164054.0
008 250528s ||||||||||||||||||||||||d
035 _a17401
020 _a72893028
040 _aGR-AtMCL
_bgre
_dGR-AtMCL
_eAACR2
245 1 _aComplete Business Statistics / Fourth Edition
250 _a4th
260 _bIrwin Mcgraw-Hill,
_c1999
300 _a920
520 _aIntroduction to Minitab and Excel, Introduction and Descriptive Statistics, Probability, Random Variables, The Normal Distribution, Sampling and Sampling Distributions, Confidence Intervals, Hypothesis Testing, The Comparison of Two Populations, Analysis of Variance, Simple Linear Regression and Correlation, Multiple Regression, Time Series and Forecasting and Index Numbers, Quality Control and Improvement, Nonparametric Methods and Chi-Square Tests, Bayesian Statistics and Decision Analysis, Multivariate Analysis, Sampling Methods, References, Answers to Most Odd-Numbered Problems, Statistical Tables, Index.
700 1 _aAczel Amir D.
_93556
942 _cBK
999 _c2822
_d2822